ARRUPE JESUIT UNIVERSITY

CORONAVIRUS -STOP THE SPREAD - CLEAN,DISINFECT,COVER

Receiving the Council (Record no. 3840)

MARC details
000 -LEADER
fixed length control field 00619nam a2200217Ia 4500
003 - CONTROL NUMBER IDENTIFIER
control field 0100
008 - FIXED-LENGTH DATA ELEMENTS--GENERAL INFORMATION
fixed length control field 130227s9999 xx 000 0 und d
020 ## - INTERNATIONAL STANDARD BOOK NUMBER
International Standard Book Number 9780814653777
040 ## - CATALOGING SOURCE
Transcribing agency ARRUPELIB
050 ## - LIBRARY OF CONGRESS CALL NUMBER
Classification number BX830.1962A8O76
100 ## - MAIN ENTRY--PERSONAL NAME
Personal name Orsy, Ladislas
9 (RLIN) 16858
245 ## - TITLE STATEMENT
Title Receiving the Council
245 ## - TITLE STATEMENT
Remainder of title Theological and canonical insights and debates
260 ## - PUBLICATION, DISTRIBUTION, ETC. (IMPRINT)
Place of publication, distribution, etc Collegeville
Name of publisher, distributor, etc Liturgical Press
Date of publication, distribution, etc 2009
300 ## - PHYSICAL DESCRIPTION
Extent xiv
300 ## - PHYSICAL DESCRIPTION
Other physical details 161p 23cm
650 ## - SUBJECT ADDED ENTRY--TOPICAL TERM
Topical term following geographic name as entry element Punishment--Philosophy
9 (RLIN) 16859
650 ## - SUBJECT ADDED ENTRY--TOPICAL TERM
Location of event Punishment--Moral aspects
9 (RLIN) 16860
650 ## - SUBJECT ADDED ENTRY--TOPICAL TERM
Active dates Moral development
9 (RLIN) 16861
942 ## - ADDED ENTRY ELEMENTS (KOHA)
Source of classification or shelving scheme Library of Congress Classification
Item type Monograph ( Printed materials)
Holdings
Withdrawn status Lost status Source of classification or shelving scheme Damaged status Not for loan Collection code Home library Current library Shelving location Date acquired Total Checkouts Full call number Barcode Date last seen Copy number Price effective from Koha item type
    Library of Congress Classification     Main Collection ARRUPE LIBRARY ARRUPE LIBRARY   27/02/2013   BX830.1962A8O76 46405004 22/11/2017 1 27/02/2013 Monograph ( Printed materials)
    Library of Congress Classification     Main Collection ARRUPE LIBRARY ARRUPE LIBRARY Main Collection 19/03/2015   BX830.1962A8O76 46500000891 22/11/2017 2 19/03/2015 Monograph ( Printed materials)

 

Arrupe Library. PO Box MP320 Mt Pleasant, Harare, Zimbabwe
263 242 745411|librarian@aju.ac.zw